| 000 | 02245cam a22005054i 4500 | ||
|---|---|---|---|
| 003 | PE-LiUPU | ||
| 005 | 20250731172943.0 | ||
| 008 | 150623s1996 miu rb 000 0 eng d | ||
| 020 | _a094357546X | ||
| 035 | _a(Sirsi) i9780943575469 | ||
| 040 |
_aPE-LiUPU _bspa _cPE-LiUPU _erda |
||
| 049 | _aPRUA | ||
| 082 | 0 | 4 |
_a241.63 _bK34 _221 |
| 100 | 1 |
_aKeener, Craig S., _eautor. |
|
| 245 | 1 | 0 |
_aAnd marries another : _bdivorce and remarriage in the teaching of the New Testament / _cCraig S. Keener. |
| 264 | 1 |
_aMassachusetts : _bHendrickson Publishers, _c1996. |
|
| 300 |
_a256 páginas ; _c21 centímetros |
||
| 336 |
_atext _2rdacontent |
||
| 337 |
_aunmediated _2rdamedia |
||
| 338 |
_avolume _2rdacarrier |
||
| 504 | _aIncluye bibliografía. | ||
| 505 | 0 | _aThe introductory question: the relevance of this book -- Anger and lust: a model for reading divorce law in the sermon on the mount -- Jesus on divorce: Matthew 5:32 -- Jesus vs. the pharissees: when is divorce sinful? -- Paul and divorce: 1 Corinthians 7:10-16. -1 Corinthians 7 and marriage -- Can ministers be remarried? 1 Timothy 3:2 -- Final words. | |
| 526 | _aSEG42 | ||
| 526 | _aSEG41 | ||
| 526 | _aSEG40 | ||
| 526 | _aSEG39 | ||
| 526 | _aP94 | ||
| 526 | _aP87 | ||
| 526 | _aP86 | ||
| 526 | _aP85 | ||
| 526 | _aP77 | ||
| 526 | _aP76 | ||
| 526 | _aP35 | ||
| 630 | 0 | 4 |
_aBiblia. _pN.T. _xCrítica, interpretación, etc. |
| 650 | 1 | 4 |
_aSegundas nupcias _xAspectos religiosos _xCristianismo. |
| 942 |
_2ddc _cBOOK |
||
| 949 |
_a241.63 K34 _wDEWEY _c1 _i47163 _lCCODEBUL1 _mBUL _r0 _sY _tBOOK _u2015-6-24 _xTEOLOGIA _PP35 _0COMPRA _o.STAFF. Colección Teología |
||
| 949 |
_a241.63 K34 _wDEWEY _c2 _i44681 _lCCODEBUL1 _mBUL _r0 _sY _tBOOK _u2015-6-24 _xTEOLOGIA _PP35 _0COMPRA _o.STAFF. Colección Teología |
||
| 994 |
_aC0 _bPEPRU |
||
| 596 | _a1 | ||
| 999 |
_a241.63 K34 _wDEWEY _c21543 _i47163 _f2021-11-10 _g5 _lCCODEBUL1 _mBUL _p30.00 _r0 _sY _tBOOK _u2015-6-24 _xTEOLOGIA _PP35 _0COMPRA _o.STAFF. Colección Teología _d21543 |
||
| 999 |
_a241.63 K34 _wDEWEY _c2 _i44681 _f2021-11-10 _g5 _lCCODEBUL1 _mBUL _p30.00 _r0 _sY _tBOOK _u2015-6-24 _xTEOLOGIA _PP35 _0COMPRA _o.STAFF. Colección Teología |
||
| 980 |
_81 _gALBERTO SANCHEZ Responsable de Automatización |
||